Computers and computation : (Record no. 133035)

MARC details
000 -LEADER
fixed length control field 00847nam a22002537a 4500
005 - DATE AND TIME OF LATEST TRANSACTION
control field 20170124110203.0
010 ## - LIBRARY OF CONGRESS CONTROL NUMBER
LC control number A-933617
020 ## - INTERNATIONAL STANDARD BOOK NUMBER
Terms of availability 79.00
International Standard Book Number 8120311868
035 ## - SYSTEM CONTROL NUMBER
System control number A-933617
037 ## - SOURCE OF ACQUISITION
Source of stock number/acquisition Cen Lib/Ret
040 ## - CATALOGING SOURCE
Original cataloging agency DPL
Language of cataloging EN
082 ## - DEWEY DECIMAL CLASSIFICATION NUMBER
Classification number 004
Item number DAS
100 ## - MAIN ENTRY--PERSONAL NAME
Personal name Dastidar, D. Ghosh
9 (RLIN) 22614
245 ## - TITLE STATEMENT
Title Computers and computation :
Statement of responsibility, etc by D. Ghosh Dastidar, S. Chattopadhyay [and] U. K. Sarkar
Remainder of title a beginner's guide /
260 ## - PUBLICATION, DISTRIBUTION, ETC. (IMPRINT)
Place of publication, distribution, etc New Delhi
Name of publisher, distributor, etc Printice-Hall of India
Date of publication, distribution, etc 1997
270 ## - ADDRESS
Address M-97, Cannaught Circus
City New Delhi
Postal code 110001
300 ## - PHYSICAL DESCRIPTION
Extent x,214p.
Dimensions 24cm (Hb)
500 ## - GENERAL NOTE
General note Includes bibliographical references and index<br/>
650 ## - SUBJECT ADDED ENTRY--TOPICAL TERM
Topical term or geographic name as entry element Electronic data processing
9 (RLIN) 20497
650 ## - SUBJECT ADDED ENTRY--TOPICAL TERM
Topical term or geographic name as entry element Computers
9 (RLIN) 36611
700 ## - ADDED ENTRY--PERSONAL NAME
Personal name Chattopadhyay, S.
9 (RLIN) 36612
700 ## - ADDED ENTRY--PERSONAL NAME
Personal name Sarkar, U. K.
9 (RLIN) 36613
942 ## - ADDED ENTRY ELEMENTS (KOHA)
Source of classification or shelving scheme Dewey Decimal Classification
Koha item type English Books
Classification part 004
Call number suffix DAS
Holdings
Withdrawn status Lost status Damaged status Not for loan Home library Current library Date acquired Source of acquisition Cost, normal purchase price Total Checkouts Full call number Barcode Date last seen Copy number Cost, replacement price Price effective from Koha item type
        Central Library Central Library 24/07/2015 Cen Lib/Ret 19.00   004 DAS A-933617 24/07/2015 1 79.00 24/07/2015 English Books

© Delhi Public Library
Hit Counter
free hit counter